Vector mechanics for engineers (Record no. 4856)

000 -LEADER
fixed length control field 00594nam a2200217 a 4500
001 - CONTROL NUMBER
control field 4856
003 - CONTROL NUMBER IDENTIFIER
control field BD-DhUET
008 - FIXED-LENGTH DATA ELEMENTS--GENERAL INFORMATION
fixed length control field 840307s1984 nyua 001 0 eng
020 ## - INTERNATIONAL STANDARD BOOK NUMBER
International Standard Book Number 0070044384
040 ## - CATALOGING SOURCE
Original cataloging agency DLC
Transcribing agency DLC
Modifying agency BD-DhUET
082 00 - DEWEY DECIMAL CLASSIFICATION NUMBER
Classification number 620.1
Item number BEE/1984
100 ## - MAIN ENTRY--PERSONAL NAME
Personal name Beer, Ferdinand P.
245 10 - TITLE STATEMENT
Title Vector mechanics for engineers
Remainder of title statics and dynamics
250 ## - EDITION STATEMENT
Edition statement 4th ed.
260 ## - PUBLICATION, DISTRIBUTION, ETC. (IMPRINT)
Place of publication, distribution, etc. New York
Name of publisher, distributor, etc. McGraw-Hill
Date of publication, distribution, etc. 1984
300 ## - PHYSICAL DESCRIPTION
Extent xxi, 926 p.
Other physical details ill.
Dimensions 24 cm.
504 ## - BIBLIOGRAPHY, ETC. NOTE
Bibliography, etc Includes bibliographies
650 #0 - SUBJECT ADDED ENTRY--TOPICAL TERM
Topical term or geographic name as entry element Engineering instruments
700 1# - ADDED ENTRY--PERSONAL NAME
Personal name Johnston, E. Russell
942 ## - ADDED ENTRY ELEMENTS (KOHA)
Koha item type General Book
Holdings
Koha full call number Source of classification or shelving scheme Piece designation (barcode) Withdrawn status Date acquired Not for loan Location (home branch) Koha item type Lost status Shelving location Koha issues (times borrowed) Sublocation or collection (holding branch) Copy number Koha date last seen Damaged status Price effective from Koha normalized classification for sorting Koha date last borrowed
620.1/BEE/1984 66051 2014-11-23 Central Library, BUETGeneral Book Circulation section Central Library, BUET12015-12-08 2014-11-23620_100000000000000_BEE_1984 
620.1/BEE/1984 66042 2014-11-24 Central Library, BUETGeneral Book Circulation section2Central Library, BUET12022-06-20 2014-11-24620_000000000000000_1BEE19842022-06-12
620.1/BEE/1984 66086 2014-11-29 Central Library, BUETGeneral Book Circulation section4Central Library, BUET12023-06-07 2014-11-29620_100000000000000_BEE_19842023-01-10
620.1 /BEE/1984 66044 2014-12-11 Central Library, BUETGeneral Book Circulation section1Central Library, BUET492025-05-28 2014-12-11620_100000000000000_BEE_19842025-04-30
620.1/BEE/1984 66012 2014-12-11 Central Library, BUETGeneral Book Circulation section Central Library, BUET12015-02-23 2014-12-11620_100000000000000_BEE_1984 
620.1/BEE/1984 66043 2015-01-19 Central Library, BUETGeneral Book Circulation section Central Library, BUET62015-12-22 2015-01-19620_100000000000000_BEE_1984 
620.1/BEE/1984 81336 2015-02-16 Central Library, BUETGeneral Book Circulation section1Central Library, BUET72022-12-13 2015-02-16620_100000000000000_BEE_19842022-11-21
620.1/BEE/1984 66048 2015-04-01 Central Library, BUETGeneral Book Circulation section1Central Library, BUET12018-04-30 2015-04-01620_100000000000000_BEE_19842018-04-18
620.1/BEE/1984 66015 2015-06-21 Central Library, BUETReading Item Reading section Central Library, BUET92015-06-21 2015-06-21620_100000000000000_BEE_1984 
620.1/BEE/1984 66014 2015-06-22 Central Library, BUETGeneral Book Reading section Central Library, BUET102015-06-22 2015-06-22620_100000000000000_BEE_1984 
620.1/BEE/1984 66013 2015-06-22 Central Library, BUETGeneral Book Reading section Central Library, BUET112015-06-22 2015-06-22620_100000000000000_BEE_1984 
620.01/BEE/1984 66095 2015-06-29 Central Library, BUETReading Item Reading section Central Library, BUET122015-06-29 2015-06-29620_010000000000000_BEE_1984 
620.1/BEE/1984 75502 2015-07-28 Central Library, BUETGeneral Book Circulation section Central Library, BUET132015-07-28 2015-07-28620_100000000000000_BEE_1984